[Event "Genova Bombrini op"]
[Site "Genova"]
[Date "2014.10.05"]
[Round "5"]
[White "Celli, Ugo"]
[Black "Grasso, Gabriele"]
[Result "1/2-1/2"]
[WhiteElo "1954"]
[BlackElo "1715"]
[PlyCount "90"]
[EventDate "2014.10.03"]
[EventType "swiss"]
[EventRounds "5"]
[EventCountry "ITA"]
[SourceTitle "EXT 2016"]
[Source "ChessBase"]
[SourceDate "2015.10.08"]
[SourceVersion "1"]
[SourceVersionDate "2015.10.08"]
[SourceQuality "1"]

1. d4 e6 2. c4 f5 3. g3 Nf6 4. Bg2 c6 5. Nh3 d5 6. 0-0 Bd6 7. Bf4 0-0 8. c5 Bxf4 9. Nxf4 Qe7 10. Nd3 Nbd7 11. f4 Ng4 12. Rf3 Ndf6 13. h3 Nh6 14. Nd2 Ne4 15. Ne5 Nf7 16. Nxf7 Qxf7 17. b4 Nxd2 18. Qxd2 Bd7 19. a4 Qf6 20. Rb3 b6 21. Bf1 bxc5 22. bxc5 Rfb8 23. Rab1 Qd8 24. Qb2 Rxb3 25. Qxb3 Bc8 26. e3 Qc7 27. Qb4 Kf7 28. Kf2 Ke7 29. Bd3 Kf7 30. Kf3 g6 31. g4 Kg7 32. Qe1 Rb8 33. Rb4 Rxb4 34. Qxb4 Qb7 35. Qxb7+ Bxb7 36. Ke2 Kf7 37. Kd2 Ke7 38. Kc3 a5 39. Kd2 Kf7 40. Ke2 Bc8 41. Kf3 Bb7 42. Kg3 Bc8 43. Kh4 h6 44. g5 h5 45. Be2 Kg7 1/2-1/2

[Event "Bratto Gorgonzola op-B"]
[Site "Bratto"]
[Date "2006.08.24"]
[Round "5"]
[White "Bettini, Massimo"]
[Black "Celli, Ugo"]
[Result "1/2-1/2"]
[WhiteElo "1887"]
[BlackElo "1733"]
[PlyCount "43"]
[EventDate "2006.08.20"]
[EventType "swiss"]
[EventRounds "8"]
[EventCountry "ITA"]
[SourceTitle "EXT 2008"]
[Source "ChessBase"]
[SourceDate "2007.11.25"]
[SourceVersion "1"]
[SourceVersionDate "2007.11.25"]
[SourceQuality "1"]

1. e4 d6 2. d4 e5 3. Nf3 Nf6 4. Bc4 Nxe4 5. dxe5 c6 6. exd6 Nxd6 7. Bb3 Be7 8. Bf4 0-0 9. 0-0 Na6 10. Re1 Nc5 11. Nc3 Nxb3 12. axb3 Nf5 13. Qe2 Be6 14. Red1 Qc8 15. Ra5 Bd8 16. Rxf5 Bxf5 17. Bd6 Bf6 18. Bxf8 Qxf8 19. Nd4 Re8 20. Qf3 Bg6 21. Nf5 Bxf5 22. Qxf5 1/2-1/2

[Event "Bratto Gorgonzola op-B"]
[Site "Bratto"]
[Date "2006.08.21"]
[Round "2"]
[White "Roversi, Stefano"]
[Black "Celli, Ugo"]
[Result "1/2-1/2"]
[WhiteElo "1857"]
[BlackElo "1733"]
[PlyCount "133"]
[EventDate "2006.08.20"]
[EventType "swiss"]
[EventRounds "8"]
[EventCountry "ITA"]
[SourceTitle "EXT 2008"]
[Source "ChessBase"]
[SourceDate "2007.11.25"]
[SourceVersion "1"]
[SourceVersionDate "2007.11.25"]
[SourceQuality "1"]

1. e4 d6 2. d4 e5 3. Nf3 Nf6 4. Nc3 Nbd7 5. Bc4 Be7 6. 0-0 0-0 7. Bg5 c6 8. dxe5 dxe5 9. Qe2 b5 10. Bb3 a5 11. a3 Ba6 12. Bxf6 Bxf6 13. Nd1 Nb6 14. Ne3 b4 15. Nc4 Qe7 16. Rfd1 Qc5 17. Qe3 Qxe3 18. Nxe3 a4 19. Ba2 bxa3 20. bxa3 Be2 21. Rdb1 Bxf3 22. gxf3 Rab8 23. Nf5 g6 24. Nh6+ Kg7 25. Ng4 Na8 26. c3 Nc7 27. Rb4 Rxb4 28. cxb4 Nb5 29. Bc4 Rd8 30. Bxb5 cxb5 31. Rc1 Rd3 32. Kg2 Rxa3 33. Rc6 Be7 34. Nxe5 Rb3 35. Rb6 a3 36. Rxb5 Rxb4 37. Ra5 Bf6 38. Nd3 Rb3 39. Nc5 Rc3 40. Nd7 Bd4 41. Ra4 Rd3 42. f4 f6 43. e5 fxe5 44. fxe5 Kf7 45. Ra6 Ke7 46. e6 Rb3 47. Ra4 Rd3 48. Ra6 Bb2 49. Nc5 Rd6 50. Ra7+ Ke8 51. Ra8+ Rd8 52. Ra6 Rc8 53. Ne4 Rc2 54. Nd6+ Ke7 55. Nb5 Re2 56. Nxa3 Bxa3 57. Rxa3 Kxe6 58. Kf3 Re5 59. Ra7 h5 60. Ra8 Kf5 61. Rf8+ Kg5 62. Kg3 Rf5 63. f4+ Kh6 64. Rxf5 gxf5 65. Kh4 Kg6 66. Kg3 Kg7 67. Kh4 1/2-1/2